[Event "13th OIBM"]
[Site "Bad Wiessee GER"]
[Date "2009.11.02"]
[Round "4"]
[White "Diotallevi,M"]
[Black "Grover,S"]
[Result "0-1"]
[WhiteElo "2104"]
[BlackElo "2288"]

1.d4 Nf6 2.Bg5 d5 3.Bxf6 exf6 4.e3 Bd6 5.g3 c6 6.Bg2 O-O 7.Nd2 Be6 8.Ne2 Nd7
9.O-O f5 10.Qc1 Nf6 11.c4 dxc4 12.Nxc4 Bc7 13.Nf4 Bxf4 14.gxf4 Bd5 15.Ne5 Bxg2
16.Kxg2 Rc8 17.Qc4 Qe7 18.Rac1 Ne4 19.Rfd1 Qh4 20.Rc2 Rcd8 21.f3 Nf6 22.Qe2 Nd5
23.Qf2 Qe7 24.Re2 Rfe8 25.Rde1 Rd6 26.Qg3 Nf6 27.Qg5 g6 28.Qh4 Kg7 29.a3 Qc7
30.Qg3 Qd8 31.Qg5 Rde6 32.Qh4 Qd5 33.h3 Nh5 34.Qf2 R6e7 35.Kh2 c5 36.dxc5 Qxc5
37.Rc2 Qd5 38.Rd2 Qe6 39.Nd3 Qb6 40.Rde2 a6 41.Kg2 Qb3 42.Rd2 Qb6 43.Rde2 Nf6
44.Kg3 a5 45.Kg2 h5 46.Kg3 h4+ 47.Kg2 Qb5 48.Nc1 Nd5 49.Qxh4 Rxe3 50.Rxe3 Nxe3+  0-1

[Event "World Seniors"]
[Site "Condino ITA"]
[Date "2009.11.02"]
[Round "6"]
[White "Acers,J"]
[Black "Busu,C"]
[Result "1/2-1/2"]
[WhiteElo "2226"]
[BlackElo "2320"]

1.d4 Nf6 2.Bg5 d5 3.Nc3 Nbd7 4.e3 c6 5.f4 e6 6.a3 Be7 7.Nf3 b5 8.Bd3 Bb7
9.O-O h6 10.Bh4 a6 11.f5 exf5 12.Bxf5 O-O 13.Bg3 c5  1/2-1/2

[Event "FSIM November"]
[Site "Budapest HUN"]
[Date "2009.11.07"]
[Round "1"]
[White "Turzo,A"]
[Black "Kislik,E"]
[Result "0-1"]
[WhiteElo "2276"]
[BlackElo "2349"]

1.d4 Nf6 2.Bg5 g6 3.Bxf6 exf6 4.e3 f5 5.g3 h5 6.h4 d6 7.Bg2 Nd7 8.c4 Bg7
9.Nc3 O-O 10.Nge2 Re8 11.Qd3 c6 12.b4 Nf6 13.a4 Bd7 14.a5 Rc8 15.c5 Bf8 16.Nc1 Ng4
17.Nb3 Be6 18.Rb1 Bxb3 19.Rxb3 dxc5 20.bxc5 Bxc5 21.O-O Nxe3 22.fxe3 Rxe3
23.Qc4 Qxd4 24.Qxd4 Bxd4 25.Kh2 Rxc3 26.Rxb7 Re8 27.Rd7 Bc5 28.Bf3 Ree3 29.Kg2 Rc2+
30.Kh3 Rxf3 31.Rxf3 Bg1  0-1

[Event "Frauenbundesliga 2009-10"]
[Site "Germany GER"]
[Date "2009.11.07"]
[Round "1"]
[White "Juergens,V"]
[Black "Belic,J"]
[Result "1/2-1/2"]
[WhiteElo "2290"]
[BlackElo "2313"]

1.d4 Nf6 2.Bg5 c5 3.d5 Qb6 4.Nc3 d6 5.e4 g6 6.Bb5+ Bd7 7.a4 Bg7 8.Nf3 a6
9.a5 Qc7 10.Bxd7+ Nbxd7 11.h3 O-O 12.O-O Rfe8 13.Nd2 b5 14.axb6 Nxb6 15.Qe2  1/2-1/2

[Event "TCh-FIN"]
[Site "Finland FIN"]
[Date "2009.11.08"]
[Round "5"]
[White "Franssila,T"]
[Black "Binham,T"]
[Result "1/2-1/2"]
[WhiteElo "2258"]
[BlackElo "2318"]

1.d4 Nf6 2.Bg5 d5 3.Bxf6 gxf6 4.c4 dxc4 5.e4 Nc6 6.Nf3 Bg4 7.d5 Ne5 8.Be2 Bxf3
9.gxf3 Bh6 10.Bxc4 Nxc4 11.Qa4+ c6 12.Qxc4 cxd5 13.exd5 Rc8 14.Qb5+ Qd7 15.Qxd7+ Kxd7
16.Nc3 Rc4 17.Ke2 Rhc8 18.Rhg1 b5 19.a3 f5 20.Kf1 a6 21.Rd1 Rh4 22.Rg2 b4
23.Ne2 Rc2 24.Nd4 Rxb2 25.axb4 Rxb4 26.Nc6 Rb3 27.Ne5+ Kc7 28.Nxf7 Bf4 29.Rg7 Rxh2
30.Kg1 Rh5 31.d6+ exd6 32.Nxd6+ Kc6 33.Rf7 Rxf3 34.Kg2 Rfh3 35.Nxf5 Rh2+
36.Kf3 Be5 37.Rc1+ Kb6 38.Ne3 Bd4 39.Nc4+ Kc5 40.Nd2+ Kd5 41.Rd7+ Ke6 42.Rxd4 Rf5+
43.Ke3 Rfxf2 44.Ne4 Rc2 45.Rcd1 Rc6 46.Ng5+ Kf6 47.Nf3 Re6+ 48.Kf4 Rf2 49.Rh1 Kg6
50.Kg3 Rb2 51.Rg4+ Kf6 52.Rh6+ Ke7 53.Rxh7+ Kd6 54.Ra7 Kc5 55.Rc7+ Kb6 56.Rgg7 Rg6+
57.Rxg6+ Kxc7 58.Rxa6 Rb6 59.Ra5 Rb4 60.Rc5+  1/2-1/2

[Event "TCh-AUT 2009-10"]
[Site "Jenbach AUT"]
[Date "2009.11.08"]
[Round "3"]
[White "Vass,F"]
[Black "Schlosser,P"]
[Result "0-1"]
[WhiteElo "2350"]
[BlackElo "2556"]

1.d4 Nf6 2.Bg5 d5 3.Nf3 Ne4 4.h4 c5 5.c3 Nc6 6.e3 Qb6 7.Qb3 c4 8.Qc2 Bf5
9.Qc1 e6 10.Nbd2 Nxg5 11.hxg5 Be7 12.b3 Qa5 13.a4 cxb3 14.Nxb3 Qc7 15.Qd2 Rc8
16.Bd3 Be4 17.Ke2 g6 18.Nc5 Bxc5 19.dxc5 Qe7 20.Rh4 Bxf3+ 21.gxf3 Qxg5 22.Rah1 h5
23.Qb2 Rc7 24.Bb5 O-O 25.c4 Qe5 26.Qc2 Ne7 27.cxd5 Nxd5 28.Bd3 Rxc5 29.Qd2 Nc3+
30.Kf1 Rd8 31.e4 Qd4  0-1

[Event "FSGM November"]
[Site "Budapest HUN"]
[Date "2009.11.09"]
[Round "3"]
[White "Bui Vinh"]
[Black "Prohaszka,P2"]
[Result "0-1"]
[WhiteElo "2488"]
[BlackElo "2495"]

1.d4 Nf6 2.Bg5 d5 3.e3 c5 4.Nc3 cxd4 5.Qxd4 Nc6 6.Bb5 Bd7 7.Qh4 e6 8.Nf3 Be7
9.O-O h6 10.Bd3 Qb6 11.e4 O-O-O 12.Bxf6 Bxf6 13.Qg3 Bxc3 14.bxc3 dxe4 15.Bxe4 Qc7
16.Qxg7 Qf4 17.Bh7 Ne7 18.Rfd1 e5 19.Rab1 Rdg8 20.Bxg8 Rxg8 21.Qh7 Rxg2+
22.Kxg2 Bh3+ 23.Kxh3 Qxf3+ 24.Kh4 Ng6+  0-1

[Event "Waling Dijkstra GpA"]
[Site "Leeuwarden NED"]
[Date "2009.11.13"]
[Round "1"]
[White "Rusev,K"]
[Black "Kilimar,V"]
[Result "1-0"]
[WhiteElo "2537"]
[BlackElo "2050"]

1.d4 Nf6 2.Bg5 g6 3.Bxf6 exf6 4.e3 Bg7 5.c4 d6 6.Nc3 Nd7 7.g3 f5 8.Nge2 Nf6
9.Bg2 O-O 10.O-O Re8 11.Qd3 a5 12.a3 c6 13.b4 axb4 14.axb4 Bd7 15.b5 Ra5
16.Qc2 cxb5 17.cxb5 Rxa1 18.Rxa1 Qb6 19.Nd5 Nxd5 20.Bxd5 Be6 21.Nc3 h5 22.Qb3 h4
23.Ne2 Bh6 24.Kg2 Kg7 25.Ra4 g5 26.gxh4 gxh4 27.Bxe6 Rxe6 28.f4 Qd8 29.Kf3 Qe8
30.Ra3 f6 31.Qd5 Qh5+ 32.Kf2 Re7 33.h3 Kh7 34.Ra7 Bg7 35.Rxb7 Re8 36.b6 Kh8
37.Rc7 Rg8 38.b7 Bf8 39.Qxg8+  1-0

[Event "World Youth U18"]
[Site "Antalya TUR"]
[Date "2009.11.16"]
[Round "6"]
[White "Demidov,M"]
[Black "Davletbakov,S"]
[Result "1-0"]
[WhiteElo "2360"]
[BlackElo "2175"]

1.d4 Nf6 2.Bg5 g6 3.Bxf6 exf6 4.g3 d5 5.Bg2 c6 6.e3 Bg7 7.Ne2 O-O 8.O-O Re8
9.Nd2 Nd7 10.c4 dxc4 11.Nxc4 Nb6 12.b3 f5 13.Qc2 Nd5 14.a3 h5 15.b4 h4 16.Rab1 f4
17.gxf4 h3 18.Bf3 Bf5 19.e4 Nxf4 20.Ng3 Be6 21.Rfd1 Qg5 22.Rd2 Bxc4 23.Qxc4 Ne6
24.Rbd1 Nxd4 25.Rxd4 Bxd4 26.Rxd4 Rad8 27.Be2 Qf6 28.Rxd8 Rxd8 29.Qc1 b6
30.Qh6 a5 31.bxa5 bxa5 32.Bf1 Qc3 33.a4 Qd4 34.Qg5 Ra8 35.Bxh3 Qxa4 36.e5 Qd1+
37.Bf1 Qd8 38.Qg4 Qe7 39.Bc4 Kf8 40.e6 fxe6 41.Qxg6 Qf7 42.Qe4 Re8 43.Qxc6 Kg7
44.Qc5 Rf8 45.h4 Kh8 46.Bb3 Qf6 47.Bxe6 Rd8 48.Qxa5 Qxh4 49.Qe5+ Kh7 50.Kg2 Rf8
51.f3 Rd8 52.Ne4 Kh6 53.Nd6 Kg6 54.Bf5+ Kh5 55.Be4+  1-0

[Event "World Youth U18"]
[Site "Antalya TUR"]
[Date "2009.11.22"]
[Round "11"]
[White "Demidov,M"]
[Black "De Filomeno,S"]
[Result "1-0"]
[WhiteElo "2360"]
[BlackElo "2234"]

1.d4 Nf6 2.Bg5 c5 3.Bxf6 gxf6 4.d5 Qa5+ 5.c3 d6 6.e3 Nd7 7.Na3 f5 8.Nc4 Qc7
9.a4 Nf6 10.Ne2 e6 11.Nf4 exd5 12.Nxd5 Nxd5 13.Qxd5 Be6 14.Qf3 d5 15.Na3 a6
16.Bd3 Qe5 17.Qg3 f6 18.f4 Qc7 19.Qh3 Qd7 20.Qh5+ Qf7 21.Qxf7+ Kxf7 22.Nc2 Bd6
23.Kf2 b5 24.Rhb1 Rhb8 25.axb5 a5 26.Be2 c4 27.Nd4 Bc5 28.Bh5+ Ke7 29.Nc6+ Kd6
30.Nxb8 Rxb8 31.Rxa5 Bb6 32.Raa1 Bd7 33.Bf3 Bxb5 34.Rd1 Bc6 35.h3 Re8 36.Re1 Kc5
37.g4 Re7 38.Re2 Kb5 39.Rd1 Kc5 40.gxf5 Kd6 41.h4 Bc5 42.h5 Bb6 43.h6 Bc5
44.Rg1 Bd7 45.Rg7 Bxf5 46.Rxe7 Kxe7 47.Bxd5 Bd3 48.Re1 Ke8 49.Kf3 Bf8 50.Be4 Bxe4+
51.Kxe4  1-0

[Event "IV Open"]
[Site "Palma ESP"]
[Date "2009.11.23"]
[Round "4"]
[White "Juan Mas,S"]
[Black "Heinzel,O"]
[Result "0-1"]
[WhiteElo "2080"]
[BlackElo "2332"]

1.d4 Nf6 2.Bg5 c5 3.d5 Ne4 4.Bf4 Qb6 5.Qc1 g5 6.Be5 f6 7.Nc3 Nxf2 8.Kxf2 fxe5
9.Nf3 g4 10.Nd2 Bh6 11.e3 O-O+ 12.Ke2 c4 13.Nxc4 Qc7 14.Ke1 Rxf1+ 15.Rxf1 Qxc4
16.Qd2 Qc5 17.Qf2 Qxe3+ 18.Qxe3 Bxe3 19.d6 Nc6 20.Nd5 Bc5 21.Rf5 Bxd6 22.Kd2 Nd4
23.Rg5+ Kf7 24.c3 Ne6 25.Rf1+ Nf4 26.g3 Ke6 27.gxf4 Kxd5 28.fxe5 Bxe5 29.Rf8 b6
30.Rgg8 Bxh2 31.Rg5+ e5 32.Rxg4 Bf4+ 33.Ke1 Bb7 34.Rxa8 Bxa8 35.Rg7 Bc6 36.Rxh7 a5
37.b3 Ke4 38.Ke2 Bb5+ 39.c4 Bc6 40.Rh8  0-1

[Event "69th ch-ITA"]
[Site "Sarre ITA"]
[Date "2009.11.27"]
[Round "5"]
[White "Genocchio,D"]
[Black "Godena,M"]
[Result "1/2-1/2"]
[WhiteElo "2464"]
[BlackElo "2537"]

1.d4 d5 2.Bg5 Nf6 3.Bxf6 exf6 4.e3 Bd6 5.Bd3 c6 6.Nd2 Nd7 7.Ne2 g6 8.c4 dxc4
9.Nxc4 Bc7 10.O-O O-O 11.Nc3 f5 12.g3 Nf6 13.Qc2 Qe7 14.a3 c5 15.dxc5 Qxc5
16.b4 Qe7 17.Nb5 Bb8 18.Rac1 b6 19.Nd4 Bb7 20.b5 Rc8 21.Qb2 Ne4 22.Rfd1 Nc5
23.Be2 Qf6 24.Bf3 Bxf3 25.Nxf3 Qxb2 26.Nxb2 a6 27.Na4  1/2-1/2

[Event "Vasylyshyn Mem w"]
[Site "Lviv UKR"]
[Date "2009.11.28"]
[Round "4"]
[White "Hryhorenko,N"]
[Black "Soloviova,L"]
[Result "1-0"]
[WhiteElo "2349"]
[BlackElo "2281"]

1.d4 Nf6 2.Bg5 g6 3.Nf3 Bg7 4.Nbd2 O-O 5.c3 d6 6.e4 c5 7.dxc5 dxc5 8.Bc4 Nc6
9.Qe2 Na5 10.Bd3 Be6 11.O-O Rc8 12.Nc4 Nc6 13.Rad1 Qc7 14.Ne3 Rfd8 15.Bc4 Bxc4
16.Qxc4 Qb8 17.Rxd8+ Nxd8 18.e5 Nd7 19.Nd5 Nc6 20.e6 fxe6 21.Bf4 Qa8 22.Nxe7+ Nxe7
23.Qxe6+ Kh8 24.Qxe7 Nf6 25.Ng5 Re8 26.Qxc5 h6 27.Nf3 b6 28.Qd6 Kh7 29.Be5 Rf8
30.Re1 Qb7 31.h3 Rf7 32.Qd3 Rd7 33.Bd4 Nh5 34.Qe4 Qa6 35.Ne5 Bxe5 36.Qxe5 Ng7
37.a3 Qc8 38.g4 Rf7 39.Qd6 h5 40.Qg3 Qc6 41.Bxg7 Rxg7 42.Qg2 Qb5 43.b4 Qc4
44.Re3 Qb3 45.Qe4 Rf7 46.Kg2 Qb2 47.Rf3 Rxf3 48.Qxf3 hxg4 49.hxg4 Qxa3 50.g5 Qa2
51.Qb7+ Kg8 52.Qc8+ Kg7 53.Qd7+ Kg8 54.Qc8+ Kg7 55.c4 Qd2 56.Qb7+ Kh8 57.Qb8+ Kh7
58.Qxa7+ Kg8 59.Qb8+ Kh7 60.Qb7+ Kh8 61.Qe7 Qd3 62.Qe5+ Kh7 63.Qd5 Qb1 64.c5 Qxb4
65.Qf7+ Kh8 66.Qf8+ Kh7 67.Qh6+ Kg8 68.Qxg6+ Kh8 69.Qf6+ Kg8 70.Qe6+ Kg7
71.cxb6 Qb5 72.Qe7+ Kg8 73.b7 Qc6+ 74.Kh2 Qb6 75.Qe8+ Kg7 76.Qe5+  1-0

[Event "Vasylyshyn Mem w"]
[Site "Lviv UKR"]
[Date "2009.12.01"]
[Round "7"]
[White "Hryhorenko,N"]
[Black "Buksa,N"]
[Result "1-0"]
[WhiteElo "2349"]
[BlackElo "1895"]

1.d4 Nf6 2.Bg5 d5 3.Bxf6 gxf6 4.e3 e5 5.Nf3 Qd6 6.c4 Qb4+ 7.Nbd2 e4 8.Nh4 Qxb2
9.cxd5 Bb4 10.Rc1 Qxa2 11.Rxc7 Bd7 12.Rc2 Qxd5 13.Bc4 Qg5 14.Qb1 a5 15.g3 b5
16.Ba2 O-O 17.O-O Re8 18.Ng2 Bh3 19.Rfc1 Bxg2 20.Kxg2 Na6 21.Qb3 Rf8 22.Nxe4 Qf5
23.Qd5 Qg6 24.Rc6 Be7 25.Bb1 Nb4 26.Qd7 Nxc6 27.Rxc6 Bd8 28.Nxf6+ Qxf6 29.Rxf6 Bxf6
30.Qf5 Rfb8 31.Qxf6 a4 32.Qh6 f5 33.Ba2+ Kh8 34.Qf6+  1-0

[Event "2nd Dragon Capital"]
[Site "Ho Chi Minh City VIE"]
[Date "2009.12.04"]
[Round "3"]
[White "Tu Hoang Thong"]
[Black "Nguyen Minh Tuan"]
[Result "1-0"]
[WhiteElo "2509"]
[BlackElo "2082"]

1.d4 Nf6 2.Bg5 d5 3.e3 e6 4.Bd3 Be7 5.Nd2 Nbd7 6.f4 c5 7.c3 c4 8.Bc2 b5 9.a3 Bb7
10.Ngf3 Ne4 11.Bxe7 Qxe7 12.O-O f5 13.Ne5 Nxe5 14.fxe5 Nxd2 15.Qxd2 O-O 16.Rf3 a5
17.Raf1 b4 18.axb4 axb4 19.cxb4 Bc6 20.h3 Rfb8 21.g4 g6 22.gxf5 exf5 23.Qg2 Kh8
24.h4 Rg8 25.Qh2 Qxb4 26.h5 Qxb2 27.hxg6 Rxg6+ 28.Kh1 Ba4 29.Bxf5 Qxh2+ 30.Kxh2 Rh6+
31.Kg2 Rg8+ 32.Rg3 Bc6 33.Rxg8+ Kxg8 34.Kg3 Kf8 35.Ra1 Rh5 36.Kf4 Rh2 37.e6 Re2
38.Ra3 Ke7 39.Ke5 Bb7 40.Bxh7 Rb2 41.Bf5 Rb3 42.Ra2 Rxe3+ 43.Kf4 Rb3 44.Rh2 Bc6
45.Rh7+ Kd6 46.e7 Be8 47.Kg5 Rf3 48.Bg4 Rf2 49.Bf5 c3 50.Rh3 c2 51.Rc3 Kxe7
52.Rxc2 Bd7 53.Rxf2  1-0

[Event "2nd Dragon Capital"]
[Site "Ho Chi Minh City VIE"]
[Date "2009.12.04"]
[Round "3"]
[White "Duong The Anh"]
[Black "Otte,Mari"]
[Result "1/2-1/2"]
[WhiteElo "2440"]
[BlackElo "2298"]

1.d4 Nf6 2.Bg5 c5 3.Bxf6 exf6 4.c3 Qb6 5.Qd2 d5 6.e3 Nc6 7.Ne2 Be6 8.g3 Bd6
9.Bg2 h5 10.Nf4 Ne7 11.dxc5 Qxc5 12.Qd1 h4 13.Nd2 Bxf4 14.Nb3 Qb6 15.exf4 hxg3
16.hxg3 Rxh1+ 17.Bxh1 O-O-O 18.Qd4 Qxd4 19.Nxd4 Nc6 20.Kd2 Nxd4 21.cxd4 Kc7
22.Bf3 Rh8 23.Re1 f5 24.Re3 b6 25.b4 Ra8 26.a4 a5 27.b5 Kd6 28.Re1 Rc8 29.Be2 Rh8
30.Rc1 Bd7 31.Bd3 g6 32.Be2 Rh2 33.Ke3 Rh8 34.Bf3 Rc8 35.Rxc8 Bxc8 36.Bd1 Be6
37.f3 Ke7 38.g4 Kf6 39.Kf2 Kg7 40.Kg3 f6 41.g5 Kf7 42.Bb3 Ke7 43.Kh4 Kf7
44.Bc2 Kg7  1/2-1/2

[Event "2nd Dragon Capital"]
[Site "Ho Chi Minh City VIE"]
[Date "2009.12.05"]
[Round "5"]
[White "Nguyen Duc Hoa"]
[Black "Bao Khoa"]
[Result "1/2-1/2"]
[WhiteElo "2331"]
[BlackElo "2161"]

1.d4 Nf6 2.Bg5 d5 3.Bxf6 exf6 4.g3 Bd6 5.Bg2 O-O 6.e3 c6 7.Nd2 Re8 8.Ne2 Qb6
9.Qc1 Bg4 10.Nf3 Qb5 11.c3 Bf5 12.Qd2 a5 13.O-O a4 14.Rfc1 Nd7 15.Nh4 Be4
16.c4 dxc4 17.Bxe4 Rxe4 18.Qc2 Ree8 19.Qxc4 Qxc4 20.Rxc4 Nb6 21.Rc2 Ra5 22.Nf3 g6
23.Ne1 Nd5 24.Nd3 f5 25.Nc3 Nb4 26.Nxb4 Bxb4 27.Ne2 Kg7 28.Kg2 Kf6 29.Nf4 Bd6
30.Nd3 g5 31.Kf3 h5 32.Rac1 h4 33.Nc5 Ra7 34.Rc4 Rd8 35.Rh1 g4+ 36.Ke2 Ke7
37.Rhc1 Rb8 38.Rd1 Rd8 39.Rd2 Rb8 40.Rdc2 Rh8 41.Nd3 Kd7 42.Nc5+ Ke7 43.Rd2 Rb8
44.Kf1 Rd8 45.Re2 h3 46.Ke1 Kf6 47.Kd1 Ke7 48.Kd2 Kf6 49.Kd3 Kg6 50.Re1 Kg7
51.e4 b5 52.Rc2 Be5 53.exf5 Bxd4 54.Ke2 Rd5 55.Nd3 c5 56.Nf4 Rxf5 57.Kf1 b4
58.Re4 b3 59.axb3 axb3 60.Rd2 Ra1+ 61.Re1 Ra2 62.Ree2 Re5 63.Rxe5 Bxe5 64.Nd3 c4
65.Nxe5 c3 66.Rd1 c2 67.Rc1 Rxb2 68.Ke2 Ra2 69.Nd3 b2 70.Nxb2 Rxb2 71.Kd3 Kg6
72.Rxc2 Rb1 73.Ke3 Kg5 74.Ra2 Re1+ 75.Kd4 Rg1 76.Ra5+ f5 77.Ra8 Rg2 78.Ke5 Rxf2
79.Rg8+ Kh6 80.Kf6 Kh7 81.Rg7+ Kh8 82.Kg6 Ra2 83.Rb7 Ra6+ 84.Kxf5 Ra2 85.Kg6 Ra6+
86.Kf7 Ra2 87.Rb4 Ra7+ 88.Kg6 Ra6+ 89.Kf5 Ra2 90.Rxg4 Rxh2 91.Rh4+ Kg7 92.Kg4 Kg6  1/2-1/2

[Event "30th Edoardo Crespi Magistrale"]
[Site "Milan ITA"]
[Date "2009.12.06"]
[Round "3"]
[White "Drazic,S"]
[Black "Feuerstack,A"]
[Result "1-0"]
[WhiteElo "2519"]
[BlackElo "2373"]

1.d4 d5 2.Bg5 Nf6 3.Bxf6 exf6 4.e3 Bd6 5.Nd2 O-O 6.Bd3 c6 7.Qf3 Nd7 8.Ne2 Re8
9.O-O-O b5 10.g4 Nb6 11.h4 Nc4 12.Kb1 Bf8 13.g5 Nd6 14.Ng3 g6 15.gxf6 Re6
16.h5 Qxf6 17.hxg6 hxg6 18.Qg2 Bg7 19.Nb3 Re8 20.Rdg1 Bg4 21.Qh2 Bf3 22.Qh7+ Kf8
23.Rh4 Ke7 24.Rf4 Rh8 25.Rxf6 Kxf6 26.Qxh8 Rxh8 27.Nd2 Bg4 28.b3 Ke7 29.c3 Be6
30.Nf3 Rc8 31.Kb2 a5 32.Rc1 b4 33.cxb4 axb4 34.Ba6 Ra8 35.Be2 Rc8 36.Ba6 Rc7
37.Ne1 Ne4 38.Nxe4 dxe4 39.Nc2 c5 40.Nxb4 Kd6 41.Nc2 cxd4 42.Nxd4 Rxc1 43.Kxc1 Bd5
44.Kd2 Bf6 45.Nb5+ Kc5 46.Nc3 Bc6 47.Bc4 Kb4 48.Nb1 Bh4 49.Bxf7 g5 50.a3+ Ka5
51.Ke2 Bb5+ 52.Bc4 Bxc4+ 53.bxc4 Ka4 54.Nc3+ Kxa3 55.c5  1-0

[Event "2nd Dragon Capital"]
[Site "Ho Chi Minh City VIE"]
[Date "2009.12.07"]
[Round "7"]
[White "Duong The Anh"]
[Black "Le Kieu Thien Kim"]
[Result "1/2-1/2"]
[WhiteElo "2440"]
[BlackElo "2250"]

1.d4 d5 2.Bg5 Nf6 3.e3 c5 4.Bxf6 exf6 5.c3 Qb6 6.Qc2 Nc6 7.Nd2 Be6 8.Ngf3 Rc8
9.dxc5 Bxc5 10.Nb3 Be7 11.Nbd4 O-O 12.Qb3 Bc5 13.Be2 Rfe8 14.O-O Bg4 15.Rfe1 Rcd8
16.Rad1 f5 17.h3 Bxf3 18.Qxb6 Bxb6 19.Nxf3 Ne5 20.Nd4 g6 21.Bb5 Re7 22.Nc2 a6
23.Ba4 Nc4 24.Bb3 Nxb2 25.Rb1 Nd3 26.Red1 Nc5 27.Bxd5 Ba5 28.c4 Red7 29.Nd4 Kg7
30.Nb3 Nxb3 31.axb3 Bb4  1/2-1/2

[Event "New Years All-Ukrainian Open"]
[Site "Poltava UKR"]
[Date "2009.12.10"]
[Round "8"]
[White "Boroday,S"]
[Black "Tverdohlebov,V"]
[Result "1-0"]
[WhiteElo "2362"]
[BlackElo "2383"]

1.d4 Nf6 2.Bg5 c5 3.d5 e5 4.Nc3 d6 5.e4 Be7 6.Nf3 a6 7.a4 Bg4 8.Bd2 Nbd7
9.Be2 O-O 10.O-O Ne8 11.Ra3 b6 12.Ne1 Bxe2 13.Qxe2 Bg5 14.Nf3 Bxd2 15.Nxd2 Nc7
16.Nc4 Qe7 17.Rb3 Rab8 18.f4 exf4 19.Rxf4 g6 20.Qf2 b5 21.Na5 Ne5 22.Nd1 f5
23.Qd2 fxe4 24.Rxe4 Qf7 25.Ne3 Rbe8 26.h3 c4 27.Ra3 Qf6 28.Kh1 Qf2 29.Qxf2 Rxf2
30.axb5 axb5 31.Nb7 Nf7 32.Rxe8+ Nxe8 33.Kg1 Rd2 34.Ra8 Kf8 35.Kf1 Ke7 36.Na5 Nc7
37.Ra7 Kd7 38.Nc6 Ng5 39.Ke1 Ne4 40.Rb7 h5 41.h4 Rf2 42.Na7 Kd8 43.Rb8+ Kd7
44.Nxb5 Nxb5 45.Rxb5 Rf4 46.Rb7+ Kc8 47.Rb4 c3 48.g3 Rf3 49.Ke2 Rf2+ 50.Kd3 Nxg3
51.Rc4+ Kd7 52.Kxc3 Rf3 53.Kd2 Nf5 54.Nxf5 Rxf5 55.Rd4 Ke7 56.c4 Kf6 57.Re4 Rf2+
58.Kc3 g5 59.Re6+ Kf5 60.hxg5 Rf3+ 61.Kb4 Kxg5 62.Rxd6 Rf6 63.Rd8 Rh6 64.d6 Kf6
65.Rf8+ Ke6 66.Kc5 h4 67.Re8+ Kd7 68.Re7+ Kd8 69.Kc6 h3 70.Rg7 Ke8 71.Kc7 h2
72.d7+ Kf8 73.Rg2 h1=Q 74.d8=Q+ Kf7 75.Qd5+ Kf6 76.Qg5+ Kf7 77.Rf2+ Ke6 78.Qe3+  1-0

[Event "ch-VIE Men Masters"]
[Site "Ho Chi Minh City VIE"]
[Date "2009.12.11"]
[Round "2"]
[White "Tran Quoc Dung"]
[Black "Nguyen Hoang Nam"]
[Result "1-0"]
[WhiteElo "2196"]
[BlackElo "2368"]

1.d4 Nf6 2.Bg5 d5 3.Nd2 e6 4.Ngf3 Be7 5.e3 b6 6.Bb5+ c6 7.Bd3 Ba6 8.Bxa6 Nxa6
9.O-O O-O 10.c4 b5 11.cxb5 cxb5 12.Qe2 Qb6 13.Ne5 Qb7 14.Rac1 Rfc8 15.Nb3 h6
16.Na5 Qb6 17.Nac6 Qc7 18.Nxe7+ Qxe7 19.Qxb5 hxg5 20.Qxa6 Rc7 21.Rc6 Rxc6
22.Nxc6 Qc7 23.b4 Ne4 24.a4 Qb6 25.Qxb6 axb6 26.Ra1 Nc3 27.a5 Ra6 28.Nb8 Ra8
29.Nd7 bxa5 30.bxa5 Ra7 31.a6 Nb5 32.Nc5 Nc3 33.f3 Kf8 34.Ra3 Nb5 35.Rb3 Nd6
36.Rb8+ Ke7 37.h3  1-0

[Event "Open Ch-Skopje"]
[Site "Skopje MKD"]
[Date "2009.12.12"]
[Round "1"]
[White "Veleski,R"]
[Black "Tausanov,M"]
[Result "1-0"]
[WhiteElo "2280"]
[BlackElo "1948"]

1.d4 Nf6 2.Bg5 c5 3.Bxf6 exf6 4.e3 Nc6 5.c3 b6 6.Nf3 Bb7 7.Nbd2 d5 8.Bb5 Be7
9.O-O O-O 10.Re1 Qc7 11.Rc1 a6 12.Ba4 Rfd8 13.Qe2 f5 14.dxc5 Bxc5 15.Nd4 g6
16.Nxc6 Bxc6 17.Bxc6 Qxc6 18.Nf3 Qf6 19.Rcd1 b5 20.Rd3 Rd7 21.Red1 Rad8 22.g3 g5
23.Nd4 Kh8 24.Qf3 g4 25.Qf4 Bxd4 26.Rxd4 h5 27.e4 h4 28.Qxf5 Qe6 29.Qh5+ Kg7
30.exd5  1-0

[Event "ch-CXG IRT JC Ferreira"]
[Site "Rio de Janeiro BRA"]
[Date "2009.12.19"]
[Round "6"]
[White "Rovedo,S"]
[Black "Dacal Mendes,J"]
[Result "0-1"]
[WhiteElo "1782"]
[BlackElo "1848"]

1.d4 Nf6 2.Bg5 g6 3.Nc3 Bg7 4.Nf3 d6 5.g3 c6 6.Bg2 Qc7 7.O-O O-O 8.e4 e5
9.dxe5 dxe5 10.Qe2 Be6 11.Rfd1 h6 12.Bxf6 Bxf6 13.Qe3 Kg7 14.Rd2 Nd7 15.Rad1 Be7
16.Ne1 Bg5 17.f4 exf4 18.Qd4+ Bf6 19.Qf2 fxg3 20.hxg3 Ne5 21.b3 Ng4 22.Qf3 Qa5
23.Na4 Rad8 24.Rxd8 Rxd8 25.Nd3 Bd4+  0-1

[Event "9th Amplico Life Rapid"]
[Site "Warsaw POL"]
[Date "2009.12.19"]
[Round "1"]
[White "Parzydel,M"]
[Black "Llaneza Vega,M"]
[Result "0-1"]
[WhiteElo "1812"]
[BlackElo "2514"]

1.d4 Nf6 2.Bg5 c5 3.Bxf6 gxf6 4.c3 Qb6 5.Qc2 Nc6 6.e3 cxd4 7.exd4 d5 8.Nf3 Bg4
9.Nbd2 Rc8 10.Qb3 Bh6 11.Qxb6 axb6 12.h3 Bf5 13.g4 Bd7 14.Bg2 Bf4 15.Nf1 h5
16.gxh5 Rxh5 17.Ng3 Rh8 18.Nd2 e6 19.Ndf1 b5 20.a3 Ra8 21.Ne3 b4 22.Ne2 Bd6
23.Nc2 bxc3 24.Nxc3 Rh4 25.Rd1 Na5 26.Bf1 Rc8 27.Rg1 Ke7 28.Rg4 Rch8 29.Rxh4 Rxh4
30.Rd3 Nc4 31.b3 Nxa3 32.Nxa3 Bxa3 33.Nxd5+ exd5 34.b4  0-1

[Event "9th Amplico Life Rapid"]
[Site "Warsaw POL"]
[Date "2009.12.19"]
[Round "5"]
[White "Tamosaitis,R"]
[Black "Lubczynski,R"]
[Result "0-1"]
[WhiteElo "2214"]
[BlackElo "2428"]

1.d4 Nf6 2.Bg5 d5 3.Bxf6 exf6 4.e3 Bd6 5.c4 dxc4 6.Bxc4 O-O 7.Nc3 f5 8.Nf3 Nd7
9.O-O c6 10.Qb3 Nb6 11.Bd3 Be6 12.Qc2 g6 13.Rfe1 Re8 14.h4 Nd5 15.a3 Be7
16.h5 Bf6 17.hxg6 fxg6 18.Ne5 Qd6 19.f4 Rad8 20.Nxd5 Bxd5 21.Bc4 Kg7 22.Bxd5 Qxd5
23.Rad1 Re7 24.b4 a5 25.Qc5 axb4 26.axb4 Qe4 27.Rc1 Rd5 28.Qc2 Qxc2 29.Rxc2 Bxe5
30.fxe5 Rb5 31.Rc4 Re8 32.Ra1 Kf7 33.Ra5 Rb6 34.b5 Ke6 35.bxc6 bxc6 36.Ra7 Re7
37.Rxe7+ Kxe7 38.Kf2 Kd7 39.Kf3 Rb2 40.Ra4 Rb7 41.Kf4 Ke6 42.Rc4 Rc7 43.Kg5 Kd5
44.Rc5+ Ke6 45.g3 Rc8 46.Kh6 Rc7 47.Kg5 Rc8 48.Rc1 Rc7 49.Kf4 h6 50.Rh1 g5+
51.Kf3 Rh7 52.e4 c5 53.Ra1 cxd4 54.exf5+ Kxf5 55.Ra5 g4+ 56.Ke2 Ke4 57.e6 Rb7
58.Rh5 Rb2+ 59.Ke1 d3 60.e7 Re2+ 61.Kd1 Kf3 62.Rxh6 Rxe7 63.Kd2 Rd7 64.Re6 Kxg3
65.Re3+ Kf2 66.Re5 g3 67.Rf5+ Kg2 68.Rg5 Kf3 69.Rg8 Rf7 70.Kxd3 g2  0-1

[Event "9th Amplico Life Rapid"]
[Site "Warsaw POL"]
[Date "2009.12.19"]
[Round "7"]
[White "Hess,C1"]
[Black "Kurnosov,I"]
[Result "0-1"]
[WhiteElo "2250"]
[BlackElo "2666"]

1.d4 Nf6 2.Bg5 c5 3.d5 Ne4 4.Bf4 Qb6 5.Bc1 g6 6.f3 Nd6 7.e4 Bg7 8.Nd2 f5
9.exf5 Nxf5 10.Nc4 Qf6 11.Nh3 b5 12.Bg5 Qf7 13.Ne3 Bxb2 14.Nxf5 Qxf5 15.Rb1 Bc3+
16.Bd2 Qe5+ 17.Be2 b4 18.O-O Qd4+  0-1

[Event "9th Amplico Life Rapid"]
[Site "Warsaw POL"]
[Date "2009.12.19"]
[Round "7"]
[White "Zimolzak,P"]
[Black "Sergeev,Vl"]
[Result "0-1"]
[WhiteElo "2124"]
[BlackElo "2428"]

1.d4 Nf6 2.Bg5 d5 3.Bxf6 exf6 4.e3 c6 5.Bd3 Qb6 6.Qc1 Bd6 7.Nf3 Bg4 8.Nbd2 Nd7
9.O-O Qc7 10.h3 Be6 11.c4 dxc4 12.Nxc4 Be7 13.Qc2 g6 14.Rac1 O-O 15.e4 Rac8
16.a3 b5 17.Ne3 Qb8 18.b4 Rfd8 19.Qd2 Nb6 20.Ng4 h5 21.Ne3 Qf4 22.Qe2 a6
23.g3 Qd6 24.Kh2 Qd7 25.h4 Qa7 26.Rfd1 Bf8 27.Bb1 Bh6 28.Rc5 Na4 29.d5 Nxc5
30.bxc5 Bg4 31.Nxg4 hxg4 32.Nd4 Qxc5 33.Nxc6 Rxc6 34.dxc6 Rxd1 35.Qxd1 Qxf2+
36.Kh1 Qxg3 37.c7 Qxc7 38.Qxg4 Be3 39.Ba2 Qc1+ 40.Kh2 Qd2+ 41.Qg2 Bf4+ 42.Kh3 Qe3+
43.Kg4 Be5 44.Qf3 Qg1+ 45.Kh3 Qh2+  0-1

[Event "9th Amplico Life Rapid"]
[Site "Warsaw POL"]
[Date "2009.12.19"]
[Round "8"]
[White "Sotsky,A"]
[Black "Kalinowski,R"]
[Result "1/2-1/2"]
[WhiteElo "2410"]
[BlackElo "2199"]

1.d4 d5 2.Bg5 Nf6 3.e3 Nbd7 4.f4 c5 5.c3 Qb6 6.Qb3 Ne4 7.Nf3 e6 8.Nbd2 Ndf6
9.Bxf6 Nxf6 10.Ne5 Bd7 11.Be2 Bd6 12.O-O Qxb3 13.axb3 Ke7 14.Bf3 Rhc8 15.Rfe1 Bc6
16.g3 Nd7 17.Nd3 c4 18.Ne5 cxb3 19.Nxb3 f5 20.Kf2 Bb5 21.h3 Bxe5 22.fxe5 Bd3
23.Ra3 b6 24.Rea1 a5 25.Nd2 Nb8 26.b4 Nc6 27.Nb3 Kd7 28.bxa5 Nxa5 29.Nxa5 bxa5
30.Rxa5 Rxa5 31.Rxa5 Rxc3 32.Bd1 Rc7 33.Ba4+ Ke7 34.Ra8 Rb7 35.g4 g5 36.Rh8 Rb2+
37.Kg3 Be4 38.Rxh7+ Kf8 39.h4 f4+ 40.exf4 gxf4+ 41.Kxf4 Bxh7 42.h5 Kg7 43.Bd7 Bg8
44.g5 Rb4 45.h6+ Kh7 46.Be8 Rxd4+ 47.Kf3 Re4 48.Bb5 Rxe5 49.Bd3+ Kh8 50.g6 Rg5
51.Kf4 Rg1 52.Ke5 Re1+ 53.Kf6 Re4 54.Bc2 Rf4+ 55.Kg5 Rf5+ 56.Bxf5 exf5 57.Kxf5 d4
58.Ke4 Be6 59.Kxd4 Bf5 60.g7+ Kg8  1/2-1/2

[Event "Tata Steel TCh-Asia w"]
[Site "Kolkata IND"]
[Date "2009.12.25"]
[Round "4"]
[White "Nguyen Thi Thanh An"]
[Black "Ghader Pour,S"]
[Result "1-0"]
[WhiteElo "2334"]
[BlackElo "2186"]

1.d4 Nf6 2.Bg5 d5 3.Nd2 Nbd7 4.e3 e5 5.Be2 Bd6 6.c4 exd4 7.exd4 dxc4 8.Ngf3 b5
9.a4 c6 10.O-O Be7 11.Ne5 Nxe5 12.dxe5 Nd5 13.Bxe7 Nxe7 14.axb5 cxb5 15.b3 O-O
16.bxc4 bxc4 17.Nxc4 Qxd1 18.Rfxd1 Be6 19.f4 Rfc8 20.Nd6 Rc5 21.Nb5 g5 22.g3 gxf4
23.gxf4 Ng6 24.Rd4 a5 25.Nd6 Nh4 26.Kf2 Rc2 27.Ke3 Rb8 28.Bc4 Bxc4 29.Rxc4 Rb3+
30.Kd4 Nf3+ 31.Kc5 Rxc4+ 32.Nxc4 Nxh2 33.Nd6 Ng4 34.Rxa5 Rf3 35.Ra8+ Kg7
36.Nf5+  1-0